[Event "Niteroi op 3rd"]
[Site "Niteroi"]
[Date "2023.09.10"]
[Round "9"]
[White "Zampronha, Wladimir Camilo"]
[Black "Souza, Iago Henrique Da Si"]
[Result "1/2-1/2"]
[WhiteElo "2170"]
[BlackElo "2037"]
[PlyCount "32"]
[EventDate "2023.09.04"]
[EventType "swiss"]
[EventRounds "9"]
[EventCountry "BRA"]
[SourceTitle "EXT 2024"]
[Source "ChessBase"]
[SourceDate "2023.10.10"]
[SourceVersion "1"]
[SourceVersionDate "2023.10.10"]
[SourceQuality "1"]

1. e4 c6 2. d4 d5 3. exd5 cxd5 4. c4 Nf6 5. Nc3 Nc6 6. Nf3 Bg4 7. cxd5 Nxd5 8. Qb3 Bxf3 9. gxf3 e6 10. Qxb7 Nxd4 11. Bb5+ Nxb5 12. Qc6+ Ke7 13. Qxb5 Nxc3 14. bxc3 Qd5 15. Qe2 f6 16. 0-0 Kf7 1/2-1/2

[Event "Rio de Janeiro op 2nd"]
[Site "Rio de Janeiro"]
[Date "2023.05.03"]
[Round "2"]
[White "Souza, Iago Henrique Da Si"]
[Black "Matsuura, Everaldo"]
[Result "0-1"]
[WhiteElo "2063"]
[BlackElo "2403"]
[PlyCount "96"]
[EventDate "2023.05.02"]
[EventType "swiss"]
[EventRounds "9"]
[EventCountry "BRA"]
[SourceTitle "CBM 214 Extra"]
[Source "ChessBase"]
[SourceDate "2023.07.31"]
[SourceVersion "1"]
[SourceVersionDate "2023.07.31"]
[SourceQuality "1"]

1. d4 g6 2. Nf3 Bg7 3. c4 d6 4. Nc3 Nf6 5. e4 0-0 6. Be2 Na6 7. 0-0 e5 8. dxe5 dxe5 9. Be3 c6 10. Qxd8 Rxd8 11. h3 Nh5 12. Rfd1 Re8 13. a3 Nf4 14. Bf1 h6 15. Kh2 g5 16. Nd2 Ne6 17. Nf3 Nac5 18. b4 Nb3 19. Rab1 Nbd4 20. Ne1 a5 21. c5 axb4 22. axb4 Ra3 23. Ne2 Bd7 24. Nf3 Nxf3+ 25. gxf3 Bc8 26. b5 Bf8 27. bxc6 bxc6 28. Rb6 Bxc5 29. Bxc5 Nxc5 30. Rxc6 Ne6 31. Rdc1 Ba6 32. R6c3 Ra2 33. R1c2 Ra1 34. Rc1 Rxc1 35. Rxc1 Bxe2 36. Bxe2 Nd4 37. Bd1 Rb8 38. Kg2 Rb2 39. Rc3 Kg7 40. Ra3 Rb1 41. Rd3 Kg6 42. Kg3 Rb2 43. Ra3 h5 44. Ra6+ Kg7 45. Ra5 Rb1 46. Rxe5 f6 47. Re7+ Kg6 48. Ba4 Rg1+ 0-1

[Event "Pindamonhangaba op 7th"]
[Site "Pindamonhangaba"]
[Date "2023.03.24"]
[Round "1"]
[White "Lora, Miguel Said Brasil"]
[Black "Souza, Iago Henrique Da Si"]
[Result "0-1"]
[WhiteElo "1590"]
[BlackElo "2073"]
[PlyCount "64"]
[EventDate "2023.03.24"]
[EventType "swiss"]
[EventRounds "5"]
[EventCountry "BRA"]
[SourceTitle "CBM 213 Extra"]
[Source "ChessBase"]
[SourceDate "2023.05.31"]
[SourceVersion "1"]
[SourceVersionDate "2023.05.31"]
[SourceQuality "1"]

1. e4 c6 2. d4 d5 3. exd5 cxd5 4. Bd3 Nf6 5. Nf3 Nc6 6. 0-0 Bg4 7. c3 e6 8. h3 Bh5 9. Bg5 Be7 10. Nbd2 0-0 11. Re1 Rc8 12. Qb3 b6 13. Rac1 Bg6 14. Bxg6 hxg6 15. Ne5 Nxe5 16. dxe5 Nd7 17. Bxe7 Qxe7 18. c4 Nc5 19. Qa3 a5 20. Nb3 Qg5 21. cxd5 Nd3 22. Rxc8 Rxc8 23. Re3 Nf4 24. g3 Nxh3+ 25. Kf1 Qf5 26. Re2 Qf3 27. Rd2 Rc4 28. Qd6 Qh1+ 29. Ke2 Ng1+ 30. Kf1 Nf3+ 31. Ke2 Qe1+ 32. Kxf3 Qe4# 0-1

[Event "Florianopolis op 8th"]
[Site "Florianopolis"]
[Date "2022.01.27"]
[Round "5"]
[White "Souza, Iago Henrique Da Si"]
[Black "Machado, Leonardo Ribeiro"]
[Result "1-0"]
[WhiteElo "2058"]
[BlackElo "1765"]
[PlyCount "75"]
[EventDate "2022.01.24"]
[EventType "swiss"]
[EventRounds "10"]
[EventCountry "BRA"]
[SourceTitle "EXT 2023"]
[Source "ChessBase"]
[SourceDate "2022.10.05"]
[SourceVersion "1"]
[SourceVersionDate "2022.10.05"]
[SourceQuality "1"]

1. d4 Nf6 2. c4 g6 3. Nc3 Bg7 4. e4 d6 5. Be3 0-0 6. h3 Nc6 7. g4 e5 8. Nge2 exd4 9. Nxd4 Re8 10. Nxc6 bxc6 11. Bg2 Bd7 12. 0-0 a5 13. Qd2 Qb8 14. Rfd1 Qb4 15. c5 Be6 16. cxd6 cxd6 17. Qxd6 Qxb2 18. e5 Nd5 19. Nxd5 Bxd5 20. Bxd5 cxd5 21. Bd4 Qb4 22. a3 Qb3 23. Kg2 Red8 24. Qe7 Qc2 25. Re1 Re8 26. Qb7 Red8 27. Re3 Rab8 28. Qa7 Ra8 29. Qb7 Rab8 30. Qa6 Ra8 31. Qb5 Qc4 32. Qb2 Rab8 33. Qd2 Bh6 34. e6 fxe6 35. Rc1 Bxe3 36. Qxe3 Qa6 37. Qe5 Qb7 38. Rc7 1-0

[Event "Araruama op 1st"]
[Site "Araruama"]
[Date "2021.06.06"]
[Round "6"]
[White "Souza, Iago Henrique Da Si"]
[Black "Federzoni, Enzo"]
[Result "0-1"]
[WhiteElo "2050"]
[BlackElo "2202"]
[PlyCount "72"]
[EventDate "2021.06.02"]
[EventType "tourn"]
[EventRounds "6"]
[EventCountry "BRA"]
[SourceTitle "CBM 203 Extra"]
[Source "ChessBase"]
[SourceDate "2021.09.30"]
[SourceVersion "1"]
[SourceVersionDate "2021.09.30"]
[SourceQuality "1"]

1. d4 Nf6 2. c4 g6 3. f3 Bg7 4. e4 d6 5. Nc3 0-0 6. Bg5 c5 7. d5 e6 8. Qd2 exd5 9. Nxd5 Be6 10. Ne2 Bxd5 11. cxd5 h6 12. Be3 a6 13. a4 Nbd7 14. Nc3 Kh7 15. Be2 Re8 16. 0-0 Qa5 17. Qc2 Ne5 18. Bd2 c4 19. Kh1 Qc5 20. a5 b5 21. axb6 Qxb6 22. Na4 Qb5 23. Nc3 Qb7 24. Ra4 Nfd7 25. Be3 Rec8 26. Rd1 Rab8 27. Rd2 Nc5 28. Bxc5 Rxc5 29. Nd1 Qb5 30. Nc3 Qb6 31. Nd1 Ra5 32. Bxc4 Rc8 33. Qb3 Qc5 34. Bxa6 Qc1 35. Rxa5 Qxd2 36. Ne3 Qxa5 0-1

[Event "Araruama op 1st"]
[Site "Araruama"]
[Date "2021.06.04"]
[Round "3"]
[White "Lima, Darcy Gustavo Macha"]
[Black "Souza, Iago Henrique Da Si"]
[Result "1-0"]
[WhiteElo "2522"]
[BlackElo "2050"]
[PlyCount "77"]
[EventDate "2021.06.02"]
[EventType "tourn"]
[EventRounds "6"]
[EventCountry "BRA"]
[SourceTitle "CBM 203 Extra"]
[Source "ChessBase"]
[SourceDate "2021.09.30"]
[SourceVersion "1"]
[SourceVersionDate "2021.09.30"]
[SourceQuality "1"]

1. d4 Nf6 2. Nf3 d5 3. g3 e6 4. Bg2 c5 5. 0-0 Nc6 6. c4 Be7 7. dxc5 0-0 8. a3 dxc4 9. Qc2 Bxc5 10. Qxc4 Qd5 11. Nbd2 a6 12. b4 Be7 13. Bb2 Qh5 14. Qc3 Bd7 15. Nc4 a5 16. bxa5 Be8 17. Rac1 Nxa5 18. Nb6 Ra6 19. Nc8 Bd8 20. Ne5 Nc6 21. Rfd1 Ba5 22. Qc5 Ra8 23. Nxc6 Qxc5 24. Rxc5 Bxc6 25. Ne7+ Kh8 26. Nxc6 bxc6 27. Bxc6 Ra6 28. Bf3 h6 29. Kg2 Rb8 30. Be5 Rb3 31. Bxf6 gxf6 32. Rd7 Bb6 33. Rc8+ Kg7 34. Bh5 Ra7 35. Rxa7 Bxa7 36. Rc7 Rxa3 37. Rxf7+ Kg8 38. Rxf6 Ra5 39. Bf3 1-0

[Event "Taubate op"]
[Site "Taubate"]
[Date "2020.11.02"]
[Round "6"]
[White "Souza, Iago Henrique Da Si"]
[Black "Rodrigues, Leonardo De Miranda"]
[Result "0-1"]
[WhiteElo "2036"]
[BlackElo "2144"]
[PlyCount "86"]
[EventDate "2020.10.31"]
[EventType "swiss"]
[EventRounds "6"]
[EventCountry "BRA"]
[SourceTitle "CBM 199 Extra"]
[Source "ChessBase"]
[SourceDate "2021.01.31"]
[SourceVersion "1"]
[SourceVersionDate "2021.01.31"]
[SourceQuality "1"]

1. d4 Nf6 2. c4 g6 3. Nc3 Bg7 4. e4 d6 5. h3 0-0 6. Be3 e5 7. d5 Na6 8. g4 Nc5 9. Bg2 a5 10. Nge2 Bd7 11. Qd2 c6 12. Ng3 cxd5 13. exd5 Qb6 14. 0-0 Qb4 15. Bh6 Qxc4 16. Bxg7 Kxg7 17. Rad1 Rfe8 18. g5 Ng8 19. Nce4 Nxe4 20. Nxe4 Ra6 21. Rc1 Qd4 22. Qxd4 exd4 23. Rfd1 Rb6 24. b3 d3 25. Rxd3 Bf5 26. Rd4 Ne7 27. Nf6 Rd8 28. Rc7 Ng8 29. Nxh7 Rd7 30. Rxd7 Bxd7 31. Nf6 Nxf6 32. gxf6+ Kxf6 33. Re4 Rb5 34. Rf4+ Bf5 35. Rc4 Rc5 36. Rd4 Rc1+ 37. Kh2 Rc2 38. Ra4 b6 39. Kg3 Rc3+ 40. f3 Ke5 41. Bf1 f6 42. Bc4 Bd7 43. Ra3 Kd4 0-1

[Event "Rio de Janeiro Estadual-ch"]
[Site "Rio de Janeiro"]
[Date "2019.09.29"]
[Round "3"]
[White "Guimaraes, Wagner Peixoto"]
[Black "Souza, Iago Henrique Da Si"]
[Result "1-0"]
[WhiteElo "2216"]
[BlackElo "2040"]
[PlyCount "73"]
[EventDate "2019.09.28"]
[EventType "swiss"]
[EventRounds "6"]
[EventCountry "BRA"]
[SourceTitle "EXT 2020"]
[Source "ChessBase"]
[SourceDate "2019.10.17"]
[SourceVersion "1"]
[SourceVersionDate "2019.10.17"]
[SourceQuality "1"]

1. d4 d5 2. c4 dxc4 3. e3 e6 4. Bxc4 Nf6 5. Nf3 c5 6. 0-0 a6 7. Nc3 b5 8. Bb3 Bb7 9. Qe2 Nbd7 10. Rd1 Qc7 11. e4 b4 12. e5 bxc3 13. exf6 gxf6 14. d5 e5 15. bxc3 Rg8 16. Nh4 Bd6 17. Rb1 0-0-0 18. Bc4 Nb8 19. Bd2 Qd7 20. Bd3 Bxd5 21. Bf5 Be6 22. Qe4 Qa7 23. Be3 Be7 24. Qc4 Rxd1+ 25. Rxd1 Qb6 26. Qe4 Qc6 27. Qc2 Nd7 28. Be4 Qc7 29. Nf5 Bf8 30. Qa4 Qb6 31. Rb1 Qa7 32. Qc6+ Qc7 33. Qxa6+ Kd8 34. Rb7 Qc8 35. Qb5 Rg4 36. f3 Rg8 37. Ra7 1-0

[Event "Rio de Janeiro Estadual-ch"]
[Site "Rio de Janeiro"]
[Date "2019.09.28"]
[Round "2"]
[White "Souza, Iago Henrique Da Si"]
[Black "Simoes Jr, Egydio Oman"]
[Result "1-0"]
[WhiteElo "2040"]
[BlackElo "1853"]
[PlyCount "81"]
[EventDate "2019.09.28"]
[EventType "swiss"]
[EventRounds "6"]
[EventCountry "BRA"]
[SourceTitle "EXT 2020"]
[Source "ChessBase"]
[SourceDate "2019.10.17"]
[SourceVersion "1"]
[SourceVersionDate "2019.10.17"]
[SourceQuality "1"]

1. d4 Nf6 2. Nf3 g6 3. g3 Bg7 4. Bg2 c5 5. c3 cxd4 6. cxd4 0-0 7. Nc3 d6 8. 0-0 Nbd7 9. e4 e6 10. Bf4 Nb6 11. Qe2 a6 12. a4 Nh5 13. Bg5 Bf6 14. Be3 Nd7 15. Rfd1 Qa5 16. Bd2 Qb6 17. a5 Qc7 18. Na4 b5 19. axb6 Nxb6 20. Rdc1 Qa7 21. e5 dxe5 22. Nxb6 Qxb6 23. dxe5 Bh8 24. Be3 Qb8 25. g4 Ng7 26. Bc5 Re8 27. Bd6 Qb6 28. Ng5 Bb7 29. Bxb7 Qxb7 30. Rc7 Qb5 31. Ne4 Nh5 32. Qxb5 axb5 33. Rxa8 Rxa8 34. gxh5 gxh5 35. Ng5 Kg7 36. h4 Kg6 37. Nxf7 Bg7 38. Ng5 Re8 39. Kg2 Bh6 40. Nxh7 Kf5 41. Nf6 1-0

[Event "Rio de Janeiro Cortinhas Memorial 3rd"]
[Site "Rio de Janeiro"]
[Date "2019.04.28"]
[Round "4"]
[White "Rangel, Daniel"]
[Black "Souza, Iago Henrique Da Si"]
[Result "1/2-1/2"]
[WhiteElo "2334"]
[BlackElo "2029"]
[PlyCount "95"]
[EventDate "2019.04.27"]
[EventType "swiss"]
[EventRounds "6"]
[EventCountry "BRA"]
[SourceTitle "CBM 190 Extra"]
[Source "ChessBase"]
[SourceDate "2019.07.15"]
[SourceVersion "1"]
[SourceVersionDate "2019.07.15"]
[SourceQuality "1"]

1. c4 c6 2. g3 d5 3. Bg2 Nf6 4. Nf3 g6 5. cxd5 cxd5 6. 0-0 Bg7 7. d4 Nc6 8. Nc3 0-0 9. Ne5 Be6 10. Nxc6 bxc6 11. Na4 Qc8 12. b3 Bh3 13. Ba3 Bxg2 14. Kxg2 Re8 15. Rc1 e5 16. Bb2 Ne4 17. h4 exd4 18. Bxd4 Bxd4 19. Qxd4 Nd6 20. Rc2 Re4 21. Qf6 Re6 22. Qf4 Nf5 23. Nc5 Re7 24. e4 dxe4 25. Nxe4 Qe6 26. Re2 Rd8 27. Rfe1 Kg7 28. Nc3 Qf6 29. Rxe7 Nxe7 30. Qc7 Rd3 31. Rxe7 Rxc3 32. Qxa7 Qf3+ 33. Kh2 c5 34. Qb7 Qxf2+ 35. Qg2 Qxg2+ 36. Kxg2 Rc2+ 37. Kf3 Rxa2 38. Rc7 Rc2 39. Kf4 h5 40. g4 Rf2+ 41. Kg3 Rc2 42. Kf4 Rf2+ 43. Kg5 hxg4 44. Kxg4 Rg2+ 45. Kf4 Rb2 46. Rxc5 Rxb3 47. h5 gxh5 48. Rxh5 1/2-1/2

[Event "Florianopolis op 5th"]
[Site "Florianopolis"]
[Date "2019.01.26"]
[Round "8"]
[White "Souza, Iago Henrique Da Si"]
[Black "Borges, Guilherme Deola"]
[Result "0-1"]
[WhiteElo "2060"]
[BlackElo "2171"]
[PlyCount "126"]
[EventDate "2019.01.21"]
[EventType "swiss"]
[EventRounds "10"]
[EventCountry "BRA"]
[SourceTitle "CBM 188 Extra"]
[Source "ChessBase"]
[SourceDate "2019.02.26"]
[SourceVersion "1"]
[SourceVersionDate "2019.02.26"]
[SourceQuality "1"]

1. d4 Nf6 2. Nf3 e6 3. e3 c5 4. Bd3 Nc6 5. 0-0 Be7 6. b3 0-0 7. Bb2 b6 8. Nbd2 Bb7 9. a3 cxd4 10. exd4 Nd5 11. g3 h6 12. Qe2 Nf6 13. Ne5 d6 14. Nxc6 Bxc6 15. Ne4 Nxe4 16. Bxe4 Bxe4 17. Qxe4 d5 18. Qd3 Qd7 19. f4 g6 20. Rae1 Rac8 21. Re2 b5 22. Rfe1 Bd6 23. Qf3 Qc7 24. Qd3 a6 25. Qd2 h5 26. Rf1 a5 27. f5 exf5 28. Rxf5 Rfe8 29. Rff2 Bf8 30. Qd3 Qd7 31. Kg2 a4 32. b4 Rxe2 33. Rxe2 Re8 34. Bc1 Rxe2+ 35. Qxe2 f6 36. Qd3 Kf7 37. Bd2 Qe8 38. Kf3 Bd6 39. h3 Qd7 40. Kg2 Bf8 41. Bf4 Qe8 42. Kf3 Bg7 43. Qc3 g5 44. Be3 Qe4+ 45. Kf2 Qh1 46. Qc7+ Kg6 47. Qc8 Qe4 48. Qc6 h4 49. g4 Bf8 50. Qxb5 Qxc2+ 51. Kf3 Qe4+ 52. Kf2 Qc2+ 53. Kf3 Qh2 54. Qe8+ Kg7 55. Qd7+ Kh8 56. Qf7 Qxh3+ 57. Kf2 Qg3+ 58. Kf1 Qf3+ 59. Bf2 Qd1+ 60. Be1 Qd3+ 61. Kg2 Qe2+ 62. Kh3 Qf1+ 63. Kh2 Bd6+ 0-1

[Event "Florianopolis op 5th"]
[Site "Florianopolis"]
[Date "2019.01.22"]
[Round "3"]
[White "Belmonte, Diego Mariano"]
[Black "Souza, Iago Henrique Da Si"]
[Result "1-0"]
[WhiteElo "2309"]
[BlackElo "2060"]
[PlyCount "97"]
[EventDate "2019.01.21"]
[EventType "swiss"]
[EventRounds "10"]
[EventCountry "BRA"]
[SourceTitle "CBM 188 Extra"]
[Source "ChessBase"]
[SourceDate "2019.02.26"]
[SourceVersion "1"]
[SourceVersionDate "2019.02.26"]
[SourceQuality "1"]

1. d4 d5 2. c4 e6 3. Nc3 Bb4 4. Nf3 Nf6 5. cxd5 exd5 6. Qc2 0-0 7. Bg5 c6 8. e3 Re8 9. Bd3 h6 10. Bh4 Bd6 11. Bg3 Bxg3 12. hxg3 Nbd7 13. 0-0-0 Qe7 14. Rh4 c5 15. Rdh1 c4 16. Bf5 Nf8 17. g4 Bxf5 18. gxf5 Rad8 19. Ne5 N6h7 20. Kb1 f6 21. Nf3 a6 22. e4 dxe4 23. Rxe4 Qd7 24. Rhe1 Rxe4 25. Nxe4 Qxf5 26. Qxc4+ Kh8 27. Qc5 Qd7 28. Nc3 Ne6 29. Qf5 Nc7 30. Qe4 Ng5 31. Qxb7 Nxf3 32. Qxf3 Nb5 33. Nxb5 Qxb5 34. Rd1 Re8 35. d5 Qc5 36. d6 Rc8 37. Qd3 Qxf2 38. d7 Rd8 39. Qxa6 Qxg2 40. Qe6 Qg6+ 41. Ka1 Kh7 42. Qd5 Qg5 43. a3 h5 44. Rd4 Qg1+ 45. Ka2 Kh6 46. Rc4 Qa7 47. Rc8 Rxd7 48. Rh8+ Kg6 49. Qxh5# 1-0

[Event "Rio de Janeiro Padua Memorial 3rd"]
[Site "Rio de Janeiro"]
[Date "2018.11.04"]
[Round "5"]
[White "Souza, Iago Henrique Da Si"]
[Black "Rodrigues, Nei Jorge"]
[Result "0-1"]
[WhiteElo "2070"]
[BlackElo "1978"]
[PlyCount "82"]
[EventDate "2018.11.02"]
[EventType "swiss"]
[EventRounds "6"]
[EventCountry "BRA"]
[SourceTitle "CBM 187 Extra"]
[Source "ChessBase"]
[SourceDate "2018.11.04"]
[SourceVersion "1"]
[SourceVersionDate "2018.11.04"]
[SourceQuality "1"]

1. d4 Nf6 2. c4 e6 3. Nf3 Bb4+ 4. Bd2 Bxd2+ 5. Nbxd2 d6 6. g3 0-0 7. Bg2 Nbd7 8. 0-0 e5 9. d5 a5 10. Ne1 Nc5 11. e4 Re8 12. Qc2 Qe7 13. Nd3 Nfd7 14. Rae1 c6 15. f4 f6 16. f5 Nxd3 17. Qxd3 Nc5 18. Qe3 a4 19. g4 cxd5 20. exd5 b5 21. cxb5 Rb8 22. Ne4 Rxb5 23. Nxc5 Rxc5 24. Rc1 Ba6 25. Rxc5 Bxf1 26. Ra5 Bxg2 27. Ra7 Qd8 28. Kxg2 Qb8 29. b3 axb3 30. axb3 Qb5 31. Qc3 Qxd5+ 32. Kh3 Kh8 33. Qc7 Qf3+ 34. Kh4 Qf2+ 35. Kh3 Rg8 36. Qb7 h5 37. Ra4 hxg4+ 38. Rxg4 Qxf5 39. Kg3 g5 40. Qf7 e4 41. Qh5+ Kg7 0-1

[Event "Rio de Janeiro Padua Memorial 3rd"]
[Site "Rio de Janeiro"]
[Date "2018.11.02"]
[Round "2"]
[White "Ichimura G Barbosa, Larissa Yuki"]
[Black "Souza, Iago Henrique Da Si"]
[Result "1/2-1/2"]
[WhiteElo "1955"]
[BlackElo "2070"]
[PlyCount "72"]
[EventDate "2018.11.02"]
[EventType "swiss"]
[EventRounds "6"]
[EventCountry "BRA"]
[SourceTitle "CBM 187 Extra"]
[Source "ChessBase"]
[SourceDate "2018.11.04"]
[SourceVersion "1"]
[SourceVersionDate "2018.11.04"]
[SourceQuality "1"]

1. e4 c6 2. d4 d5 3. exd5 cxd5 4. c4 Nf6 5. Nc3 Nc6 6. Nf3 Bg4 7. cxd5 Nxd5 8. Qb3 Bxf3 9. gxf3 e6 10. Qxb7 Nxd4 11. Bb5+ Nxb5 12. Qc6+ Ke7 13. Qxb5 Nxc3 14. Qc5+ Ke8 15. Qc6+ Ke7 16. bxc3 Qd5 17. Qxd5 exd5 18. Be3 Ke6 19. Bd4 f6 20. Rg1 g6 21. 0-0-0 Bd6 22. Rge1+ Kf7 23. Be3 Rhd8 24. Kc2 Be5 25. f4 Bc7 26. Rd2 Ba5 27. Bd4 Rac8 28. Re3 Rd7 29. Rde2 Rdc7 30. Rd3 Rc4 31. Ree3 R8c7 32. Rh3 Kg7 33. f5 g5 34. Rhg3 Kf7 35. Rh3 Kg7 36. Rhg3 Kf7 1/2-1/2

[Event "Rio de Janeiro Andrade Memorial 2nd"]
[Site "Rio de Janeiro"]
[Date "2018.09.07"]
[Round "2"]
[White "Souza, Iago Henrique Da Si"]
[Black "Ramos, Angelo Bil"]
[Result "1/2-1/2"]
[WhiteElo "2064"]
[BlackElo "1909"]
[PlyCount "126"]
[EventDate "2018.09.07"]
[EventType "swiss"]
[EventRounds "6"]
[EventCountry "BRA"]
[SourceTitle "CBM 186 Extra"]
[Source "ChessBase"]
[SourceDate "2018.08.24"]
[SourceVersion "1"]
[SourceVersionDate "2018.08.24"]
[SourceQuality "1"]

1. Nf3 Nf6 2. c4 g6 3. Nc3 d5 4. cxd5 Nxd5 5. e4 Nxc3 6. dxc3 Qxd1+ 7. Kxd1 f6 8. Bc4 e5 9. Kc2 Nd7 10. Be3 Bc5 11. Rhe1 Bxe3 12. Rxe3 Nb6 13. Bb3 Ke7 14. Nd2 Bd7 15. g3 Rad8 16. f4 exf4 17. gxf4 Rhe8 18. h4 Kf8 19. Rg1 Be6 20. h5 Bxb3+ 21. axb3 Kf7 22. Rh3 Rg8 23. hxg6+ hxg6 24. Rh7+ Rg7 25. Rxg7+ Kxg7 26. f5 g5 27. e5 Nd5 28. Rg3 fxe5 29. Ne4 Rh8 30. Rxg5+ Kf7 31. Rg6 Nf4 32. Ng5+ Kf8 33. Rf6+ Ke8 34. Ne6 Nxe6 35. Rxe6+ Kf7 36. Rxe5 Rd8 37. b4 Rd7 38. Re6 c6 39. c4 Rd4 40. Kc3 Rh4 41. Rd6 Ke7 42. c5 Rf4 43. Re6+ Kf7 44. Rh6 Kg7 45. Rh5 Rg4 46. Kb3 Rf4 47. Ka4 b6 48. Rg5+ Kf7 49. cxb6 axb6 50. Rg6 Rc4 51. Kb3 b5 52. Rh6 Kg7 53. Rd6 Kf7 54. Re6 Rc1 55. Ka2 Rc2 56. Kb3 Rc4 57. Re5 Rd4 58. Re6 Rc4 59. Ka2 Rc2 60. Kb1 Rc4 61. b3 Rxb4 62. Kc2 c5 63. Rc6 c4 1/2-1/2

[Event "Sao Paulo-B U2050 op 5th"]
[Site "Sao Paulo"]
[Date "2016.10.16"]
[Round "5.3"]
[White "Lazzarotto, Marcio"]
[Black "Souza, Iago Henrique Da Si"]
[Result "0-1"]
[WhiteElo "1893"]
[BlackElo "2046"]
[PlyCount "34"]
[EventDate "2016.10.13"]
[EventType "swiss"]
[EventRounds "6"]
[EventCountry "BRA"]
[SourceTitle "EXT 2022"]
[Source "ChessBase"]
[SourceDate "2021.10.06"]
[SourceVersion "1"]
[SourceVersionDate "2021.10.06"]
[SourceQuality "1"]

1. e4 d5 2. exd5 Qxd5 3. Nc3 Qd6 4. d4 Nf6 5. g3 Nc6 6. Bg2 Nxd4 7. Be3 Ne6 8. Qxd6 exd6 9. Nge2 c6 10. h3 d5 11. 0-0-0 Bc5 12. Bxc5 Nxc5 13. Nd4 0-0 14. Rhe1 Ne6 15. Nf5 Rd8 16. Re2 Kf8 17. f4 Nxf4 0-1